[Event "Montcalm III 2006-07"]
[Site "Quebec CAN"]
[Date "2006.11.23"]
[Round "2"]
[White "Bonneau, Daniel"]
[Black "Chiffot, Nicolas"]
[Result "1-0"]
[WhiteElo "2032"]
[BlackElo "1874"]
[PlyCount "59"]
[EventDate "2006.11.16"]
[EventType "swiss"]
[EventRounds "5"]
[EventCountry "CAN"]

1. d4 Nf6 2. Nf3 g6 3. c4 Bg7 4. Nc3 O-O 5. e4 d6 6. Be2 e5 7. O-O c6 8. Be3
Nbd7 9. d5 cxd5 10. cxd5 Ng4 11. Bg5 f6 12. Bh4 Qb6 13. Nd2 Nh6 14. Nc4 Qc5 15.
Rc1 Nb6 16. Ne3 Nf7 17. Nb5 Qb4 18. Qc2 Bd7 19. a3 Qa5 20. b4 Qa4 21. Qxa4 Nxa4
22. Rc7 Bc8 23. Nc4 Rd8 24. Rc1 Kf8 25. Ncxd6 Nxd6 26. Nxd6 Nb6 27. Nxb7 Bxb7
28. Rxb7 Rdc8 29. Rcc7 h5 30. Rf7+ 1-0

[Event "Montcalm III 2006-07"]
[Site "Quebec CAN"]
[Date "2006.11.23"]
[Round "2"]
[White "Cournoyer, Dominic"]
[Black "Auger, Bertrand"]
[Result "1-0"]
[WhiteElo "1786"]
[BlackElo "2015"]
[PlyCount "87"]
[EventDate "2006.11.16"]
[EventType "swiss"]
[EventRounds "5"]
[EventCountry "CAN"]

1. c4 Nf6 2. Nc3 c5 3. Nf3 Nc6 4. d4 cxd4 5. Nxd4 Nxd4 6. Qxd4 g6 7. g3 Bg7 8.
Bg2 O-O 9. Qd3 d6 10. O-O Bf5 11. e4 Be6 12. Rb1 Rc8 13. b3 Qa5 14. Bd2 Qh5 15.
Nd5 Nxd5 16. exd5 Bh3 17. Rfe1 Rfe8 18. Bxh3 Qxh3 19. Re2 Qd7 20. Rbe1 Bf6 21.
Be3 a6 22. Bb6 h5 23. h4 Kg7 24. Bd4 Bxd4 25. Qxd4+ Kg8 26. Qf4 Rc7 27. Re3 b5
28. Rf3 e5 29. dxe6 fxe6 30. cxb5 axb5 31. Qg5 Kh7 32. Rf6 Rg8 33. Rexe6 Rc5
34. Qe3 Re5 35. Rxe5 dxe5 36. Qxe5 Re8 37. Qd6 Re1+ 38. Kg2 Qe8 39. Qf4 Re7 40.
Rf8 Qc6+ 41. Qf3 Qb7 42. Qxb7 Rxb7 43. a4 bxa4 44. bxa4 1-0

[Event "Montcalm III 2006-07"]
[Site "Quebec CAN"]
[Date "2006.11.23"]
[Round "2"]
[White "Plante, Rejean"]
[Black "Lapierre, Gaetan"]
[Result "0-1"]
[WhiteElo "2178"]
[BlackElo "1874"]
[PlyCount "96"]
[EventDate "2006.11.16"]
[EventType "swiss"]
[EventRounds "5"]
[EventCountry "CAN"]

1. d4 Nf6 2. c4 g6 3. Nc3 Bg7 4. e4 d6 5. f3 O-O 6. Be3 c6 7. Qd2 e5 8. Nge2
Re8 9. d5 c5 10. Nc1 Na6 11. Nd3 Nc7 12. g4 a6 13. b4 b6 14. a4 a5 15. bxc5
bxc5 16. Nb5 Na6 17. Be2 Nb4 18. O-O Nxd3 19. Qxd3 h6 20. Rab1 g5 21. Qd2 Nh7
22. Rb2 Bf8 23. Rfb1 Be7 24. Na3 Bd7 25. Bd1 Nf8 26. Qe1 Ng6 27. Bd2 Nf4 28.
Qf1 Kg7 29. Nb5 Rh8 30. Be3 h5 31. Bxf4 exf4 32. h3 Bf6 33. Rh2 Bxb5 34. Rxb5
Bd4+ 35. Kh1 Qe7 36. Qd3 Rh6 37. Kg2 Qe5 38. Bc2 Rah8 39. Rb1 Be3 40. Rf1 Rb8
41. Rb1 Rxb1 42. Bxb1 hxg4 43. hxg4 Rxh2+ 44. Kxh2 Qe8 45. Qc2 Qh8+ 46. Kg2 Qh4
47. e5 Qg3+ 48. Kf1 Qxf3+ 0-1

[Event "Montcalm III 2006-07"]
[Site "Quebec CAN"]
[Date "2006.11.30"]
[Round "3"]
[White "Auger, Bertrand"]
[Black "Boulianne, Gabriel"]
[Result "1-0"]
[WhiteElo "2015"]
[BlackElo "1581"]
[PlyCount "75"]
[EventDate "2006.11.16"]
[EventType "swiss"]
[EventRounds "5"]
[EventCountry "CAN"]

1. Nf3 Nf6 2. g3 c5 3. Bg2 d5 4. O-O Nc6 5. d4 cxd4 6. Nxd4 e5 7. Nxc6 bxc6 8.
c4 Be7 9. Nc3 Be6 10. Qa4 O-O 11. Rd1 Qd6 12. Bg5 Nd7 13. Bxe7 Qxe7 14. cxd5
cxd5 15. Nxd5 Bxd5 16. Bxd5 Nb6 17. Qe4 Nxd5 18. Rxd5 Rfe8 19. Rad1 Rad8 20.
Rxd8 Rxd8 21. Rxd8+ Qxd8 22. Qxe5 g6 23. b4 Qd2 24. Qb8+ Kg7 25. Qxa7 Qxb4 26.
Qa6 Qb1+ 27. Kg2 Qe4+ 28. f3 Qc2 29. a4 Qb2 30. Qb5 Qc2 31. a5 Qd2 32. a6 Qa2
33. Kf2 Qa1 34. Qb6 Qh1 35. a7 Qxh2+ 36. Ke1 Qxg3+ 37. Qf2 Qc7 38. Qd4+ 1-0

[Event "Montcalm III 2006-07"]
[Site "Quebec CAN"]
[Date "2006.11.30"]
[Round "3"]
[White "Bourassa, Andre"]
[Black "Moisan, Francois"]
[Result "1/2-1/2"]
[WhiteElo "1743"]
[BlackElo "1788"]
[PlyCount "71"]
[EventDate "2006.11.16"]
[EventType "swiss"]
[EventRounds "5"]
[EventCountry "CAN"]

1. d4 Nf6 2. c4 g6 3. Nc3 Bg7 4. e4 d6 5. Bd3 O-O 6. Nge2 e5 7. dxe5 dxe5 8. f3
c5 9. Be3 b6 10. Qc2 Nc6 11. Rd1 Nd4 12. Qb1 Nh5 13. O-O f5 14. a3 f4 15. Bf2
g5 16. Nxd4 cxd4 17. Nd5 g4 18. fxg4 Bxg4 19. Rd2 Bh6 20. Rc2 Qg5 21. Qe1 Qg7
22. Bh4 Rf7 23. c5 bxc5 24. Rxc5 Kh8 25. Qa5 f3 26. Rc7 Bf4 27. Rxf7 Qxf7 28.
g3 Be3+ 29. Nxe3 dxe3 30. Qxe5+ Qg7 31. Qxg7+ Kxg7 32. h3 f2+ 33. Kg2 e2 34.
Bxe2 Bxe2 35. Rxf2 Bd3 36. g4 1/2-1/2

[Event "Montcalm III 2006-07"]
[Site "Quebec CAN"]
[Date "2006.11.30"]
[Round "3"]
[White "Lapierre, Gaetan"]
[Black "Bonneau, Daniel"]
[Result "0-1"]
[WhiteElo "1874"]
[BlackElo "2032"]
[PlyCount "110"]
[EventDate "2006.11.16"]
[EventType "swiss"]
[EventRounds "5"]
[EventCountry "CAN"]

1. e4 d6 2. d4 Nf6 3. Nc3 g6 4. f4 Bg7 5. Nf3 O-O 6. Be2 c5 7. O-O cxd4 8. Nxd4
Nc6 9. Nb3 b5 10. Bf3 b4 11. Nd5 Nd7 12. a3 Rb8 13. axb4 Nxb4 14. Nxb4 Rxb4 15.
Kh1 Qb6 16. Ra3 Ba6 17. Re1 Bc4 18. Nd2 Be6 19. c3 Rb5 20. Nf1 a5 21. Be2 Rc5
22. Ne3 Rb8 23. Bd3 Bb3 24. Qf3 e6 25. Nf1 Rcc8 26. Be3 Nc5 27. Nd2 a4 28. Nxb3
axb3 29. Bc4 Qc6 30. Bxc5 Qxc5 31. Bxb3 Rb6 32. Rea1 Rcb8 33. Qd1 Qe3 34. Ra8
Qxf4 35. Rxb8+ Rxb8 36. Bc2 Be5 37. g3 Qf2 38. Rb1 h5 39. Qd3 Qc5 40. Kg2 Ra8
41. Kf3 Ra2 42. Bb3 Ra7 43. Qc4 Qb6 44. Ba4 Qd8 45. Qb5 Ra8 46. Bc2 Rb8 47. Qd3
h4 48. Kg2 Kg7 49. g4 Qg5 50. Qf3 Qd2+ 51. Qf2 h3+ 52. Kg1 Qg5 53. Qf3 Ra8 54.
Rf1 f6 55. Rb1 Rh8 0-1

[Event "Montcalm III 2006-07"]
[Site "Quebec CAN"]
[Date "2006.11.30"]
[Round "3"]
[White "Lessard, Claude"]
[Black "Cournoyer, Dominic"]
[Result "1-0"]
[WhiteElo "1957"]
[BlackElo "1786"]
[PlyCount "47"]
[EventDate "2006.11.16"]
[EventType "swiss"]
[EventRounds "5"]
[EventCountry "CAN"]

1. d4 c5 2. Nf3 d5 3. Bf4 Bf5 4. e3 e6 5. Bxb8 Qxb8 6. Bb5+ Kd8 7. Ne5 Bg6 8.
Nd7 Qd6 9. dxc5 Qe7 10. Qd2 a5 11. Nc3 Nf6 12. Nxf6 gxf6 13. c6 b6 14. O-O Bh6
15. Na4 Kc7 16. a3 Rhg8 17. b4 Be4 18. f3 Bf5 19. Qd4 Rgb8 20. Nc3 Rg8 21. Kh1
Bf8 22. Na4 Qd8 23. Qxb6+ Kd6 24. c7+ 1-0

[Event "Montcalm III 2006-07"]
[Site "Quebec CAN"]
[Date "2006.11.30"]
[Round "3"]
[White "Sauve, Richard"]
[Black "Caron, Sebastien"]
[Result "1/2-1/2"]
[WhiteElo "2020"]
[BlackElo "1900"]
[PlyCount "128"]
[EventDate "2006.11.16"]
[EventType "swiss"]
[EventRounds "5"]
[EventCountry "CAN"]

1. d4 Nf6 2. c4 d6 3. Nc3 g6 4. e4 Bg7 5. f3 O-O 6. Be3 e5 7. Nge2 Nc6 8. Qd2
a6 9. O-O-O Ne8 10. dxe5 Nxe5 11. Nd4 c6 12. h3 Qc7 13. f4 Nd7 14. Be2 b5 15.
Rde1 Nc5 16. Kb1 b4 17. Nd1 Nxe4 18. Qc2 Ng3 19. Bf3 Bxd4 20. Bxd4 Bf5 21. Be4
Nxe4 22. Rxe4 c5 23. g4 Bxe4 24. Qxe4 Ra7 25. Bf2 Qb7 26. Qxb7 Rxb7 27. Ne3 f6
28. Rd1 Re7 29. b3 Rff7 30. Kc2 Re4 31. f5 gxf5 32. Nxf5 Re2+ 33. Rd2 Rxd2+ 34.
Kxd2 Rd7 35. Kd3 Kf7 36. Ke4 Ke6 37. Ne3 Nc7 38. Nd5 Nxd5 39. cxd5+ Kf7 40. Bg3
Re7+ 41. Kd3 Re5 42. Bxe5 fxe5 43. h4 h6 44. Ke4 Kf6 45. Ke3 Kg6 46. Ke4 a5 47.
Kd3 Kf6 48. Ke4 Kg6 49. Kd3 Kf6 50. Ke4 c4 51. bxc4 a4 52. Kd3 b3 53. axb3 a3
54. Kc2 e4 55. c5 dxc5 56. d6 e3 57. g5+ hxg5 58. hxg5+ Ke6 59. g6 Kxd6 60. g7
e2 61. g8=Q e1=Q 62. Qd8+ Kc6 63. Qa8+ Kc7 64. Qxa3 Qf2+ 1/2-1/2

[Event "Montcalm III 2006-07"]
[Site "Quebec CAN"]
[Date "2006.12.06"]
[Round "4"]
[White "Bonneau, Daniel"]
[Black "Sauve, Richard"]
[Result "0-1"]
[WhiteElo "2032"]
[BlackElo "2020"]
[PlyCount "118"]
[EventDate "2006.11.16"]
[EventType "swiss"]
[EventRounds "5"]
[EventCountry "CAN"]

1. e4 e6 2. d4 d5 3. Nc3 Nf6 4. e5 Nfd7 5. f4 c5 6. Nf3 Nc6 7. Be3 cxd4 8. Nxd4
Bc5 9. Qd2 O-O 10. O-O-O a6 11. Kb1 Nxd4 12. Bxd4 b5 13. Qe3 Qb6 14. g4 Bxd4
15. Rxd4 f6 16. exf6 Nxf6 17. h3 Bd7 18. Bg2 b4 19. Ne2 Rac8 20. Qd2 a5 21. g5
Ne8 22. Ng3 Nd6 23. Bf1 Bb5 24. Qe3 Rfe8 25. Bxb5 Nxb5 26. Rd3 Qxe3 27. Rxe3
Nd4 28. Rh2 Kf7 29. Rd2 Nb5 30. Kc1 g6 31. Nh1 Rc4 32. Rf3 Ke7 33. b3 Rc3 34.
Rdd3 Rxd3 35. Rxd3 Nc3 36. a3 Ne2+ 37. Kb2 Nxf4 38. Rf3 e5 39. Nf2 Ke6 40. Ng4
Rc8 41. axb4 axb4 42. h4 Rc7 43. Nf6 h5 44. Rf1 Rc3 45. Ra1 Rh3 46. Ra6+ Kf5
47. Rd6 Rxh4 48. Nxd5 Nxd5 49. Rxd5 Rd4 50. Rc5 h4 51. c3 bxc3+ 52. Kxc3 h3 53.
Ra5 h2 54. Ra1 Kxg5 55. b4 Rh4 56. Rh1 Kf5 57. b5 Ke6 58. Kd3 Kd5 59. Ke3 Kc5
0-1

[Event "Montcalm III 2006-07"]
[Site "Quebec CAN"]
[Date "2006.12.06"]
[Round "4"]
[White "Bourassa, Andre"]
[Black "Auger, Bertrand"]
[Result "1/2-1/2"]
[WhiteElo "1743"]
[BlackElo "2015"]
[PlyCount "75"]
[EventDate "2006.11.16"]
[EventType "swiss"]
[EventRounds "5"]
[EventCountry "CAN"]

1. d4 e6 2. c4 Nf6 3. Nc3 Bb4 4. Qc2 b6 5. f3 O-O 6. Bg5 h6 7. Bh4 d6 8. a3
Bxc3+ 9. Qxc3 Nbd7 10. e3 Bb7 11. Bd3 Rc8 12. Ne2 Nd5 13. Bxd8 Nxc3 14. Bxc7
Na4 15. Bxd6 Rfd8 16. b3 Nb2 17. Bb1 b5 18. cxb5 Nb6 19. Bc5 Rxc5 20. dxc5 Rd1+
21. Kf2 Rxh1 22. cxb6 Nd3+ 23. Kg3 axb6 24. Nf4 Nxf4 25. exf4 Kf8 26. a4 Bd5
27. b4 Bc4 28. Kf2 Ke7 29. a5 bxa5 30. b6 Kd6 31. b7 Kc7 32. Rxa5 Rxb1 33. Rc5+
Kxb7 34. Rxc4 Rb2+ 35. Kg3 g6 36. Kh3 Rb3 37. Kg3 Rb2 38. Kh3 1/2-1/2

[Event "Montcalm III 2006-07"]
[Site "Quebec CAN"]
[Date "2006.12.06"]
[Round "4"]
[White "Caron, Sebastien"]
[Black "Lessard, Claude"]
[Result "0-1"]
[WhiteElo "1900"]
[BlackElo "1957"]
[PlyCount "96"]
[EventDate "2006.11.16"]
[EventType "swiss"]
[EventRounds "5"]
[EventCountry "CAN"]

1. e4 d6 2. d4 g6 3. c4 Bg7 4. Nc3 Nf6 5. Be2 Nbd7 6. Nf3 O-O 7. O-O e5 8. Re1
exd4 9. Nxd4 Nc5 10. f3 a5 11. Be3 Ne6 12. Qd2 Nd7 13. Nd5 Ndc5 14. Red1 a4 15.
Rab1 Bd7 16. Nc3 h5 17. f4 Bc6 18. Bf3 Nxd4 19. Bxd4 Bxd4+ 20. Qxd4 Ne6 21. Qd2
Qf6 22. g3 Rfe8 23. Nd5 Bxd5 24. Qxd5 b6 25. Qd3 Ra5 26. Bg2 h4 27. Rd2 Kg7 28.
Rc1 hxg3 29. hxg3 g5 30. f5 Nc5 31. Qd4 Nd7 32. Qxf6+ Nxf6 33. Re1 Rxf5 34.
exf5 Rxe1+ 35. Kf2 Re5 36. Rd4 Rxf5+ 37. Ke3 Re5+ 38. Kd2 Nd7 39. g4 Nc5 40.
Rd5 Rxd5+ 41. cxd5 Kf6 42. Kc3 Ke5 43. Kb4 Kf4 44. Kb5 Kxg4 45. Kc6 Kf4 46.
Kxc7 Ke5 47. Kxb6 f5 48. Kb5 g4 0-1

[Event "Montcalm III 2006-07"]
[Site "Quebec CAN"]
[Date "2006.12.06"]
[Round "4"]
[White "Cournoyer, Dominic"]
[Black "Lapierre, Gaetan"]
[Result "1-0"]
[WhiteElo "1786"]
[BlackElo "1874"]
[PlyCount "83"]
[EventDate "2006.11.16"]
[EventType "swiss"]
[EventRounds "5"]
[EventCountry "CAN"]

1. c4 Nf6 2. Nc3 g6 3. Nf3 Bg7 4. g3 d6 5. Bg2 O-O 6. O-O e5 7. d3 Nc6 8. Rb1
Ne8 9. b4 f5 10. Qb3 f4 11. b5 Nb8 12. c5+ Kh8 13. c6 bxc6 14. bxc6 Na6 15. Ba3
g5 16. Ne4 h6 17. Nfd2 Nf6 18. Nxf6 Qxf6 19. Ne4 Qg6 20. Qc4 g4 21. Nd2 h5 22.
Rb7 Nc5 23. Bxc5 dxc5 24. Rxc7 Qd6 25. Rf7 Be6 26. Rxf8+ Bxf8 27. Qa6 Bc8 28.
Qc4 Be6 29. Qe4 Kg7 30. Rb1 Rb8 31. Rb7+ Rxb7 32. cxb7 Qc7 33. gxf4 Bd6 34. f5
Bxa2 35. Qa4 Bf7 36. Ne4 c4 37. Nxd6 cxd3 38. exd3 Qc1+ 39. Bf1 Qc7 40. Nxf7
Qxb7 41. Nxe5 Kf6 42. Qc6+ 1-0

[Event "Montcalm III 2006-07"]
[Site "Quebec CAN"]
[Date "2006.12.06"]
[Round "4"]
[White "Moisan, Francois"]
[Black "Perreault, Jacquelin"]
[Result "0-1"]
[WhiteElo "1788"]
[BlackElo "1824"]
[PlyCount "48"]
[EventDate "2006.11.16"]
[EventType "swiss"]
[EventRounds "5"]
[EventCountry "CAN"]

1. e4 c5 2. Nf3 d6 3. d4 cxd4 4. Nxd4 Nf6 5. Nc3 a6 6. Be2 Nbd7 7. a4 Nc5 8. f3
e5 9. Nb3 Nxb3 10. cxb3 b6 11. Be3 Be6 12. Nd5 Bxd5 13. exd5 Be7 14. O-O O-O
15. Bc4 Nd7 16. Qe2 a5 17. Bb5 Nc5 18. Bc6 Rb8 19. Qc4 Bg5 20. f4 Bf6 21. fxe5
Bxe5 22. Rab1 f5 23. Bd2 Ne4 24. Bc3 Bxc3 0-1

[Event "Montcalm III 2006-07"]
[Site "Quebec CAN"]
[Date "2006.12.14"]
[Round "5"]
[White "Bisson, Real"]
[Black "Cournoyer, Dominic"]
[Result "0-1"]
[WhiteElo "1649"]
[BlackElo "1786"]
[PlyCount "68"]
[EventDate "2006.11.16"]
[EventType "swiss"]
[EventRounds "5"]
[EventCountry "CAN"]

1. e4 d5 2. exd5 Nf6 3. c4 c6 4. dxc6 Nxc6 5. Nc3 e5 6. Nf3 Bc5 7. d3 Ng4 8.
Ne4 Be7 9. h3 Nf6 10. Be2 Bf5 11. Nfg5 h6 12. Nxf6+ gxf6 13. Ne4 Qc7 14. Be3
Bg6 15. g4 O-O-O 16. Nc3 Nb4 17. Nd5 Nxd5 18. cxd5 Kb8 19. Qa4 a6 20. Rc1 Qd6
21. O-O Qxd5 22. Rc3 h5 23. Rb3 Rd6 24. f4 hxg4 25. Bxg4 Rg8 26. Kh2 Bh5 27.
fxe5 Rc6 28. Rf2 Bxg4 29. hxg4 Rh8+ 30. Kg3 Qh1 31. Kf4 fxe5+ 32. Kxe5 f6+ 33.
Kf5 Qd5+ 34. Kf4 Bd6# 0-1

[Event "Montcalm III 2006-07"]
[Site "Quebec CAN"]
[Date "2006.12.14"]
[Round "5"]
[White "Lessard, Claude"]
[Black "Sauve, Richard"]
[Result "1-0"]
[WhiteElo "1957"]
[BlackElo "2020"]
[PlyCount "73"]
[EventDate "2006.11.16"]
[EventType "swiss"]
[EventRounds "5"]
[EventCountry "CAN"]

1. d4 e6 2. Nf3 d5 3. g3 Nf6 4. Bg2 Be7 5. O-O O-O 6. Nbd2 c5 7. e3 Nc6 8. a3
a5 9. c3 Bd7 10. Ne1 cxd4 11. exd4 b5 12. Nd3 b4 13. Ne5 bxc3 14. Nxc6 Bxc6 15.
bxc3 Qc7 16. Re1 Rfc8 17. Nf1 Bb5 18. Bd2 Ra6 19. Ne3 Ne4 20. Bxe4 dxe4 21. c4
Bc6 22. Bc3 Bb7 23. h4 f5 24. d5 Rd8 25. a4 g6 26. Qd4 e5 27. Qxe5 Qxe5 28.
Bxe5 Bb4 29. Red1 Raa8 30. h5 Rac8 31. hxg6 hxg6 32. Kg2 Bc5 33. Rh1 Bxe3 34.
Rh8+ Kf7 35. Rh7+ Ke8 36. Rxb7 Rxc4 37. Rh1 1-0

[Event "Montcalm III 2006-07"]
[Site "Quebec CAN"]
[Date "2006.12.14"]
[Round "5"]
[White "Perreault, Jacquelin"]
[Black "Bonneau, Daniel"]
[Result "1-0"]
[WhiteElo "1824"]
[BlackElo "2032"]
[PlyCount "71"]
[EventDate "2006.11.16"]
[EventType "swiss"]
[EventRounds "5"]
[EventCountry "CAN"]

1. e4 d6 2. d4 Nf6 3. Nc3 g6 4. Be3 c6 5. a4 b6 6. Be2 Qc7 7. h4 h5 8. Nh3 e5
9. d5 cxd5 10. Nxd5 Nxd5 11. exd5 Bg7 12. Ng5 Nd7 13. c4 a5 14. Bd3 Nc5 15. Ne4
Bd7 16. Nxc5 bxc5 17. Bc2 Rb8 18. b3 O-O 19. Qd2 Kh7 20. O-O f5 21. g3 f4 22.
gxf4 exf4 23. Bxf4 Bxa1 24. Rxa1 Bf5 25. Bg5 Bxc2 26. Qxc2 Rf3 27. Re1 Rf7 28.
Re6 Rg8 29. Qc3 Qb8 30. Qg3 Rd7 31. Be7 Qb4 32. Bxd6 Qd2 33. Bf4 Qd1+ 34. Kh2
Rb7 35. Qg5 Rgg7 36. Re8 1-0

[Event "Montcalm III 2006-07"]
[Site "Quebec CAN"]
[Date "2006.12.14"]
[Round "5"]
[White "Sirois, Eric"]
[Black "Moisan, Francois"]
[Result "0-1"]
[WhiteElo "1642"]
[BlackElo "1788"]
[PlyCount "35"]
[EventDate "2006.11.16"]
[EventType "swiss"]
[EventRounds "5"]
[EventCountry "CAN"]

1. e4 e5 2. Nf3 Nc6 3. Bb5 a6 4. Ba4 Nf6 5. O-O Be7 6. Re1 b5 7. Bb3 O-O 8. h3
Bb7 9. c3 d5 10. exd5 Nxd5 11. Nxe5 Nxe5 12. Rxe5 Nf4 13. f3 Bd6 14. Re1 Qg5
15. g4 Qh4 16. Re2 Qg3+ 17. Kf1 Bxf3 18. Qe1 0-1

[Event "Montcalm IV 2005-06"]
[Site "Quebec CAN"]
[Date "2006.01.12"]
[Round "1"]
[White "Berube, Antoine"]
[Black "Dion, Jean-Francois"]
[Result "1-0"]
[WhiteElo "2158"]
[BlackElo "1938"]
[PlyCount "127"]
[EventDate "2006.01.12"]
[EventType "tourn"]
[EventRounds "5"]
[EventCountry "CAN"]

1. e4 d6 2. d4 Nf6 3. Nc3 g6 4. f4 Bg7 5. Nf3 O-O 6. Bd3 c5 7. dxc5 dxc5 8. e5
Nd5 9. Nxd5 Qxd5 10. Qe2 Bg4 11. Be4 Qd7 12. Be3 Na6 13. h3 Bf5 14. Rd1 Qc8 15.
Bf2 Bxe4 16. Qxe4 Qc7 17. O-O Rad8 18. Qe2 Nb4 19. c3 Na6 20. Rxd8 Rxd8 21. Rd1
Rd7 22. Rd2 Qd8 23. Be3 Rxd2 24. Qxd2 Qxd2 25. Bxd2 Nc7 26. Kf2 f6 27. Ke3 fxe5
28. fxe5 Bh6+ 29. Ke4 Bxd2 30. Nxd2 Kf7 31. Nf3 h6 32. Ne1 b6 33. Nd3 e6 34.
Nf2 Kg7 35. Ng4 Ne8 36. Ne3 Kf7 37. Nc4 Ke7 38. a4 Kd7 39. Ne3 Ke7 40. Ng4 h5
41. Ne3 Nc7 42. g3 a6 43. Nc4 b5 44. axb5 axb5 45. Nd6 Kf8 46. Kf4 Kg7 47. Kg5
b4 48. c4 b3 49. Nb7 Na6 50. Nd8 Nc7 51. h4 Na6 52. Nxe6+ Kf7 53. Nd8+ Ke7 54.
Nc6+ Kf7 55. Kf4 Ke6 56. Ke4 Kd7 57. Na5 Nb4 58. Nxb3 Kc6 59. e6 Na6 60. Ke5
Nc7 61. Nd2 Ne8 62. Ne4 Ng7 63. Kf6 Nf5 64. Kxg6 1-0

[Event "Montcalm IV 2005-06"]
[Site "Quebec CAN"]
[Date "2006.01.12"]
[Round "1"]
[White "Dorion, Francois"]
[Black "Bourassa, Andre"]
[Result "0-1"]
[WhiteElo "1809"]
[BlackElo "1692"]
[PlyCount "108"]
[EventDate "2006.01.12"]
[EventType "tourn"]
[EventRounds "5"]
[EventCountry "CAN"]

1. e4 c5 2. Nf3 d6 3. d4 cxd4 4. Nxd4 Nf6 5. Nc3 a6 6. Bd3 Nc6 7. Nb3 b5 8. O-O
e6 9. a3 Be7 10. Qe2 O-O 11. Be3 Qc7 12. Rad1 Rd8 13. f4 Nd7 14. f5 Nc5 15.
fxe6 Bxe6 16. Nd5 Bxd5 17. exd5 Nxd3 18. cxd3 Ne5 19. Qf2 Rf8 20. Qg3 Qb7 21.
Nd4 Qxd5 22. Nf5 Ng6 23. Bh6 Bf6 24. Bxg7 Bxg7 25. Qxg6 Qc5+ 26. d4 hxg6 27.
Ne7+ Kh7 28. dxc5 dxc5 29. b3 Bd4+ 30. Kh1 Rad8 31. Nc6 Rd6 32. Nxd4 Rxd4 33.
Rxd4 cxd4 34. Rd1 Re8 35. Kg1 Re3 36. Rxd4 Rxb3 37. a4 a5 38. axb5 Rxb5 39. Rd7
Kg7 40. Ra7 Rb1+ 41. Kf2 Ra1 42. h3 a4 43. Kg3 Kf6 44. Kf2 Ke6 45. Ra6+ Ke5 46.
Ra5+ Kf4 47. g3+ Ke4 48. Ra7 Ra2+ 49. Ke1 f6 50. h4 Kf3 51. Rg7 Re2+ 52. Kd1 a3
53. Rxg6 Re6 54. Kc1 Rb6 0-1

[Event "Montcalm IV 2005-06"]
[Site "Quebec CAN"]
[Date "2006.01.12"]
[Round "1"]
[White "Fortier, Bertrand"]
[Black "Foucreault, Laurent"]
[Result "1-0"]
[WhiteElo "1637"]
[BlackElo "1403"]
[PlyCount "67"]
[EventDate "2006.01.12"]
[EventType "tourn"]
[EventRounds "5"]
[EventCountry "CAN"]

1. e4 e5 2. Bc4 Nf6 3. d3 d6 4. Bg5 Be7 5. c3 O-O 6. Nf3 Nc6 7. Nbd2 Na5 8. Bb3
Nxb3 9. axb3 c5 10. d4 cxd4 11. cxd4 Bg4 12. Bxf6 Bxf6 13. d5 Qd7 14. Qe2 Bd8
15. h3 Bxf3 16. Nxf3 f5 17. exf5 Rxf5 18. O-O h6 19. Nd2 Qf7 20. Nc4 Rf6 21.
Qd3 Bc7 22. b4 b5 23. Nd2 a6 24. Ne4 Rg6 25. Rac1 Kh7 26. Rc6 Ra7 27. Rfc1 Rb7
28. Rxa6 Bb8 29. Rcc6 Rd7 30. Rab6 Ba7 31. Rxb5 Bd4 32. Rc8 h5 33. Rbb8 Rh6 34.
Ng5# 1-0

[Event "Montcalm IV 2005-06"]
[Site "Quebec CAN"]
[Date "2006.01.12"]
[Round "1"]
[White "Hebert, Marc"]
[Black "Monga, Alain"]
[Result "0-1"]
[WhiteElo "1736"]
[BlackElo "1696"]
[PlyCount "42"]
[EventDate "2006.01.12"]
[EventType "tourn"]
[EventRounds "5"]
[EventCountry "CAN"]

1. e4 d6 2. d4 Nf6 3. f3 g6 4. Nc3 Bg7 5. Be3 O-O 6. Qd2 Nc6 7. Bd3 e5 8. Nge2
exd4 9. Nxd4 Nxd4 10. Bxd4 d5 11. O-O-O dxe4 12. Bxf6 Qxf6 13. Bxe4 c6 14. Qd6
Qg5+ 15. f4 Qa5 16. Rd3 Be6 17. a3 Rfe8 18. Qb4 Qxb4 19. axb4 Bc4 20. g4 Bxc3
21. bxc3 Rxe4 0-1

[Event "Montcalm IV 2005-06"]
[Site "Quebec CAN"]
[Date "2006.01.12"]
[Round "1"]
[White "L'Heureux, Clement"]
[Black "Perreault, Jacquelin"]
[Result "1/2-1/2"]
[WhiteElo "1930"]
[BlackElo "1815"]
[PlyCount "82"]
[EventDate "2006.01.12"]
[EventType "tourn"]
[EventRounds "5"]
[EventCountry "CAN"]

1. e4 c5 2. Nf3 a6 3. c3 d5 4. exd5 Qxd5 5. d4 cxd4 6. Qxd4 Qxd4 7. Nxd4 e5 8.
Nf3 Nc6 9. Bc4 Bf5 10. Be3 Nf6 11. h3 Be7 12. Nbd2 b5 13. g4 Bg6 14. Bb3 O-O
15. O-O Rfd8 16. Rfd1 Nd5 17. Nf1 Nxe3 18. Nxe3 Be4 19. Nd2 Bg6 20. Bc2 Bxc2
21. Nxc2 Rd3 22. Ne3 Rad8 23. Ne4 Rxd1+ 24. Rxd1 Rxd1+ 25. Nxd1 a5 26. Ne3 g6
27. Nd5 Kf8 28. Kg2 f5 29. gxf5 gxf5 30. Ng3 f4 31. Nf5 Kf7 32. Kf3 Bc5 33. Ke4
Bxf2 34. Nd6+ Ke6 35. Nxb5 Bc5 36. a3 Ne7 37. Nxe7 Kxe7 38. b3 Kd7 39. c4 Kc6
40. Kf3 Be7 41. Ke4 Bc5 1/2-1/2

[Event "Montcalm IV 2005-06"]
[Site "Quebec CAN"]
[Date "2006.01.12"]
[Round "1"]
[White "Lapierre, Gaetan"]
[Black "Caron, Sebastien"]
[Result "1/2-1/2"]
[WhiteElo "1866"]
[BlackElo "1845"]
[PlyCount "52"]
[EventDate "2006.01.12"]
[EventType "tourn"]
[EventRounds "5"]
[EventCountry "CAN"]

1. e4 c5 2. c4 Nc6 3. Ne2 d6 4. g3 g6 5. Bg2 Bg7 6. O-O e6 7. Nbc3 Nge7 8. d3
O-O 9. f4 f5 10. Kh1 a6 11. Rb1 Rb8 12. b3 b5 13. Qd2 b4 14. Na4 Nd4 15. Nxd4
Bxd4 16. Bb2 Bxb2 17. Nxb2 Bb7 18. Rbe1 Qc7 19. d4 fxe4 20. dxc5 d5 21. cxd5
exd5 22. Qxb4 Rfc8 23. Rc1 Bc6 24. Qc3 Rf8 25. Bh3 Bd7 26. Bxd7 Qxd7 1/2-1/2

[Event "Montcalm IV 2005-06"]
[Site "Quebec CAN"]
[Date "2006.01.12"]
[Round "1"]
[White "Sauve, Richard"]
[Black "Cummins, Paul"]
[Result "1-0"]
[WhiteElo "1883"]
[BlackElo "1812"]
[PlyCount "81"]
[EventDate "2006.01.12"]
[EventType "tourn"]
[EventRounds "5"]
[EventCountry "CAN"]

1. d4 d5 2. c4 e6 3. Nc3 c6 4. e3 Nf6 5. Nf3 Nbd7 6. Qc2 Bd6 7. b3 O-O 8. Bb2
dxc4 9. bxc4 e5 10. Be2 Re8 11. O-O exd4 12. exd4 Nf8 13. Rfe1 Ng6 14. Bf1 Bg4
15. Ng5 Bf4 16. Nge4 Nxe4 17. Rxe4 Rxe4 18. Qxe4 Bd7 19. d5 Qb6 20. Rb1 Re8 21.
Qc2 Qc7 22. g3 Be5 23. Re1 Rc8 24. Qb3 Bf5 25. Nd1 f6 26. d6 Qd7 27. c5+ Be6
28. Bc4 Bxc4 29. Qxc4+ Kf8 30. Ba3 f5 31. f4 Bf6 32. Bb2 Bxb2 33. Nxb2 Re8 34.
Rxe8+ Qxe8 35. Kf2 Nh8 36. Qd3 g6 37. Nc4 Nf7 38. Qd4 Qd8 39. Ne5 Qa5 40. a4
Nxe5 41. fxe5 1-0

[Event "Montcalm IV 2005-06"]
[Site "Quebec CAN"]
[Date "2006.01.12"]
[Round "1"]
[White "Tremblay, Rejean"]
[Black "Auger, Bertrand"]
[Result "1-0"]
[WhiteElo "2188"]
[BlackElo "2013"]
[PlyCount "93"]
[EventDate "2006.01.12"]
[EventType "tourn"]
[EventRounds "5"]
[EventCountry "CAN"]

1. d4 e6 2. c4 Nf6 3. Nc3 Bb4 4. Qc2 O-O 5. a3 Bxc3+ 6. Qxc3 b6 7. Bg5 Bb7 8.
f3 c5 9. dxc5 bxc5 10. e3 Nc6 11. Nh3 Qa5 12. Qxa5 Nxa5 13. b4 Nc6 14. bxc5 Ba6
15. Nf2 Ne8 16. Rb1 f5 17. e4 f4 18. Nd1 Nc7 19. Nc3 e5 20. Bh4 Ne6 21. Bf2
Rfc8 22. Nd5 Rab8 23. Nb4 Na5 24. Rd1 Bxc4 25. Rxd7 Bxf1 26. Rxf1 Nc6 27. Nxc6
Rxc6 28. Rd3 Nd4 29. Bxd4 Rd8 30. Kd2 exd4 31. Rc1 Kf7 32. Rb3 Rd7 33. Kd3 Ke6
34. Rb4 Ke5 35. Rb5 g5 36. h3 h5 37. a4 h4 38. Rb8 Kf6 39. Rc4 Rdc7 40. Kxd4
Rd7+ 41. Kc3 Rd1 42. Rb2 Rh1 43. Kb4 Rh2 44. Kb5 Rc8 45. c6 g4 46. fxg4 f3 47.
Rf2 1-0